000 00697nam a2200289Ia 4500
005 20260324150834.0
008 008 260324s9999 xx 000 0 eng d
020 _a9780429057496
037 _aEBOOK
040 _aCRL
040 _beng
040 _cCRL
041 _2eng
041 _aeng
084 _qCRL
100 _aHenning Haslund
_91227467
245 0 _aTents in Mongolia
245 0 _bAdventures and Experiences among the Nomads of Central Asia
260 _bTaylor and Francis
260 _c1934
365 _a
365 _b180
856 _uhttp://www.taylorfrancis.com/books/9780429057496
942 _cEBOOK
999 _c1837953
_d1837953